<?xml version="1.0" encoding="UTF-8"?>
<record
    xmlns:xsi="http://www.w3.org/2001/XMLSchema-instance"
    xsi:schemaLocation="http://www.loc.gov/MARC21/slim http://www.loc.gov/standards/marcxml/schema/MARC21slim.xsd"
    xmlns="http://www.loc.gov/MARC21/slim">

  <leader>02446nam a2200277 a 4500</leader>
  <controlfield tag="001">53477</controlfield>
  <controlfield tag="003">BD-RjUL</controlfield>
  <controlfield tag="005">20211209075952.0</controlfield>
  <controlfield tag="008">161016s2003    waua     b   i000 0 eng  </controlfield>
  <datafield tag="020" ind1=" " ind2=" ">
    <subfield code="a">0821354418</subfield>
  </datafield>
  <datafield tag="035" ind1=" " ind2=" ">
    <subfield code="a">(BD-RjUL)53598</subfield>
  </datafield>
  <datafield tag="040" ind1=" " ind2=" ">
    <subfield code="a">DLC</subfield>
    <subfield code="b">eng</subfield>
    <subfield code="c">DLC</subfield>
    <subfield code="d">BD-RjUL</subfield>
  </datafield>
  <datafield tag="041" ind1=" " ind2=" ">
    <subfield code="a">eng</subfield>
  </datafield>
  <datafield tag="082" ind1="0" ind2="0">
    <subfield code="a">657.095496</subfield>
    <subfield code="2">23</subfield>
    <subfield code="b">FIN 2003</subfield>
  </datafield>
  <datafield tag="245" ind1="0" ind2="0">
    <subfield code="a">Financial accountability in Nepal :</subfield>
    <subfield code="b">a country assessment / </subfield>
  </datafield>
  <datafield tag="260" ind1=" " ind2=" ">
    <subfield code="a">Washington, DC : </subfield>
    <subfield code="b">World Bank, </subfield>
    <subfield code="c">2003.</subfield>
  </datafield>
  <datafield tag="300" ind1=" " ind2=" ">
    <subfield code="a">xiii, 148 p. : </subfield>
    <subfield code="b">ill. ; </subfield>
    <subfield code="c">26 cm.</subfield>
  </datafield>
  <datafield tag="504" ind1=" " ind2=" ">
    <subfield code="a">Includes bibliographical references.</subfield>
  </datafield>
  <datafield tag="505" ind1="0" ind2=" ">
    <subfield code="a">Ch. I. Introduction -- Ch. II. Central Government Budgeting, Financial Planning, and Cash Flow Management -- Ch. III. Central Government Accounting and Financial Reporting -- Ch. IV. Local Government Accounting and Financial Reporting -- Ch. V. Cross-Cutting Issues in Public Sector's Financial Accountability -- Ch. VI. Independent Auditing -- Ch. VII. Oversight Arrangements -- Ch. VIII. Fiduciary Risk -- Ch. IX. Private Sector Accounting and Auditing -- Ch. X. Accountability in The Financial Sector -- Ch. XI. Corporate Governance -- Ch. XII. Accountability in The Non-Governmental Organizations -- Ch. XIII. Development Action Plan and Implementation Strategy.</subfield>
  </datafield>
  <datafield tag="520" ind1="1" ind2=" ">
    <subfield code="a">"Nepal has suffered from the lack of proper management of public expenditures, stagnant real revenues, large and inefficient parastatals, and a weak financial sector. Fiduciary risk remains high. His Majesty's Government of Nepal has accorded high priority to the assurance of good accountability and transparency in public sector financial management." "Reforms are now critical and should be approached in an integrated way covering planning, budgeting, accounting, internal control, internal audit, external audit, and oversight. Action in only one area of financial management will not result in the same degree of benefits. The capacity building recommended in this report's Development Action Plan is designed to introduce international accounting and auditing standards in both the public and the private sectors, and to close the gap between precept and practice. The Government has a firm commitment to implement these time-bound actions."--BOOK JACKET.</subfield>
  </datafield>
  <datafield tag="650" ind1=" " ind2="0">
    <subfield code="a">Finance, Public</subfield>
    <subfield code="z">Nepal.</subfield>
    <subfield code="9">159867</subfield>
  </datafield>
  <datafield tag="650" ind1=" " ind2="0">
    <subfield code="a">Finance, Public</subfield>
    <subfield code="x">Accounting</subfield>
    <subfield code="z">Nepal.</subfield>
    <subfield code="9">159868</subfield>
  </datafield>
  <datafield tag="710" ind1="2" ind2=" ">
    <subfield code="a">World Bank.</subfield>
    <subfield code="9">159869</subfield>
  </datafield>
  <datafield tag="942" ind1=" " ind2=" ">
    <subfield code="2">ddc</subfield>
    <subfield code="c">BK</subfield>
  </datafield>
  <datafield tag="999" ind1=" " ind2=" ">
    <subfield code="c">53477</subfield>
    <subfield code="d">53477</subfield>
  </datafield>
  <datafield tag="952" ind1=" " ind2=" ">
    <subfield code="0">0</subfield>
    <subfield code="1">0</subfield>
    <subfield code="2">ddc</subfield>
    <subfield code="4">0</subfield>
    <subfield code="7">0</subfield>
    <subfield code="8">NFIC</subfield>
    <subfield code="a">RUCL</subfield>
    <subfield code="b">RUCL</subfield>
    <subfield code="c">Stack</subfield>
    <subfield code="d">2007-06-12</subfield>
    <subfield code="e">Paragon Enterprises Dhaka</subfield>
    <subfield code="g">22.00</subfield>
    <subfield code="l">0</subfield>
    <subfield code="o">657.095496 FIN 2003</subfield>
    <subfield code="r">2016-10-16 00:00:00</subfield>
    <subfield code="t">C-2</subfield>
    <subfield code="w">2016-10-16</subfield>
    <subfield code="y">BK</subfield>
  </datafield>
  <datafield tag="952" ind1=" " ind2=" ">
    <subfield code="0">0</subfield>
    <subfield code="1">0</subfield>
    <subfield code="2">ddc</subfield>
    <subfield code="4">0</subfield>
    <subfield code="7">1</subfield>
    <subfield code="8">NFIC</subfield>
    <subfield code="a">RUCL</subfield>
    <subfield code="b">RUCL</subfield>
    <subfield code="c">Reading</subfield>
    <subfield code="d">2007-06-12</subfield>
    <subfield code="e">Dhaka,Paragon Enterprise Lit.,</subfield>
    <subfield code="g">22.00</subfield>
    <subfield code="l">0</subfield>
    <subfield code="o">657.095496 FIN 2003</subfield>
    <subfield code="r">2017-01-18 00:00:00</subfield>
    <subfield code="t">C-1</subfield>
    <subfield code="w">2021-12-09</subfield>
    <subfield code="y">BK</subfield>
  </datafield>
</record>
